[Event "Berkeley CC Colle FNM; 30/90, SD/30"]
[Site "Berkeley"]
[Date "2011.06.17"]
[Round "2.6"]
[White "Krasnov, Steven"]
[Black "Li, William J"]
[Result "1-0"]
[WhiteElo "1956"]
[BlackElo "1444"]
[PlyCount "67"]
[EventDate "2011.??.??"]
[SourceDate "2007.10.22"]

1. c4 Nf6 2. Nf3 c6 3. g3 d5 4. b3 Bf5 5. Bg2 Nbd7 6. Bb2 Qb6 7. d3 O-O-O 8.
cxd5 Nxd5 9. e4 Bg4 10. exd5 Nc5 11. Nc3 cxd5 12. Rc1 Kb8 13. h3 Bh5 14. O-O
Bg6 15. Ne5 d4 16. Nd5 Qb5 17. Qc2 e6 18. Nf4 f6 19. Nfxg6 hxg6 20. Nf7 Bd6 21.
Nxd6 Rxd6 22. Qxc5 Qxc5 23. Rxc5 b6 24. Rc4 e5 25. Ba3 Rd7 26. Rfc1 Rhd8 27.
Bc6 Rc7 28. Kg2 f5 29. Bb5 Rdc8 30. Bd6 Ka8 31. Rxc7 Rxc7 32. Rxc7 f4 33. Rc8+
Kb7 34. Rb8# 1-0

[Event "Berkeley CC Ch2011 FNM; 30/90, SD/30"]
[Site "Berkeley"]
[Date "2011.11.04"]
[Round "1.8"]
[White "Krasnov, Steven"]
[Black "Loica-mersa, Caius"]
[Result "1-0"]
[WhiteElo "1974"]
[BlackElo "1614"]
[PlyCount "101"]
[EventDate "2011.??.??"]
[SourceDate "2007.10.22"]

1. Nf3 d5 2. d4 Nf6 3. e3 Bg4 4. Nbd2 e6 5. Bd3 Nc6 6. h3 Bh5 7. c4 Be7 8. a3
a5 9. Qb3 Ra7 10. Qb5 O-O 11. cxd5 Qxd5 12. b3 Rd8 13. Bb2 Qxb5 14. Bxb5 Nb8
15. Ne5 c6 16. Bd3 Nbd7 17. Ndc4 c5 18. g4 Bg6 19. Nxg6 hxg6 20. a4 cxd4 21.
Bxd4 Bb4+ 22. Ke2 Nc5 23. Bc2 Raa8 24. f3 Nd5 25. h4 Bc3 26. Bxc5 Bxa1 27. Rxa1
Nc3+ 28. Kf2 Nd5 29. Rd1 Rac8 30. Ba3 Nb6 31. Rxd8+ Rxd8 32. Ke2 Nxc4 33. bxc4
b6 34. Bb2 Rc8 35. Bd3 Kf8 36. Bd4 Rc6 37. Kd2 f6 38. f4 Kf7 39. Kc3 f5 40. Be2
Rd6 41. Bf3 Kg8 42. h5 gxh5 43. gxf5 h4 44. fxe6 h3 45. f5 Kf8 46. c5 Rd8 47.
cxb6 Rc8+ 48. Kd2 Ke7 49. b7 Rd8 50. Ke2 h2 51. Be5 1-0

[Event "Berkeley CC FNM; 30/90, SD/30"]
[Site "Berkeley"]
[Date "2009.05.29"]
[Round "5"]
[White "Krasnov, Steven"]
[Black "Macintyre, Brendan"]
[Result "1-0"]
[WhiteElo "1940"]
[BlackElo "1689"]
[PlyCount "83"]
[EventDate "2009.??.??"]
[SourceDate "2007.10.22"]

1. Nf3 Nf6 2. c4 g6 3. d4 Bg7 4. Nc3 d5 5. e3 O-O 6. Qb3 c6 7. a4 b6 8. Be2 Bg4
9. O-O Be6 10. Rd1 dxc4 11. Bxc4 Bxc4 12. Qxc4 Qc8 13. h3 Nbd7 14. e4 c5 15. e5
Ne8 16. e6 Nd6 17. exd7 Qxd7 18. Qe2 cxd4 19. Nxd4 Qb7 20. Bg5 Rfe8 21. Ndb5
Nxb5 22. Nxb5 h6 23. Bf4 Rac8 24. Rac1 a6 25. Nc3 e5 26. Be3 f5 27. Rd6 Rc6 28.
Rcd1 Bf8 29. Rd7 Rc7 30. Rxc7 Qxc7 31. Qxa6 f4 32. Qxb6 Qf7 33. Bc1 Re6 34. Qb5
e4 35. Qd5 Kg7 36. Nxe4 g5 37. f3 Qa7+ 38. Qd4+ Qxd4+ 39. Rxd4 Bc5 40. Nxc5
Re1+ 41. Kh2 Rxc1 42. b4 1-0

[Event "George Koltanowski Sunday Marathon"]
[Site "?"]
[Date "2007.10.21"]
[Round "1"]
[White "Krasnov, Steven"]
[Black "Morgan, Jerry"]
[Result "1-0"]
[WhiteElo "1960"]
[BlackElo "1473"]
[PlyCount "79"]
[EventDate "2007.10.28"]
[SourceDate "2007.10.22"]

1. Nf3 f5 2. d3 d6 3. Nc3 Nf6 4. Bg5 Ng4 5. e4 Ne5 6. Be2 Nbc6 7. O-O Nf7 8. h4
h6 9. Be3 e5 10. exf5 Bxf5 11. Qd2 Be7 12. g3 g5 13. Nd5 gxh4 14. Nxe7 Qxe7 15.
Nxh4 Qf6 16. Kh2 O-O-O 17. b4 Kb8 18. b5 Nd4 19. Bxd4 exd4 20. Qf4 Rde8 21. Bh5
Re5 22. Nf3 Rd5 23. Bxf7 Qxf7 24. Kg2 Qg7 25. Rh1 Bd7 26. a4 h5 27. Rh4 Bg4 28.
Nh2 Rf8 29. Qd2 Qf6 30. f4 Qg6 31. Re1 Rg8 32. Nxg4 hxg4 33. Qe2 Rh5 34. Qe6
Qxe6 35. Rxe6 Rxh4 36. gxh4 Kc8 37. Kg3 Kd7 38. Re4 Rg7 39. Rxd4 Ke6 40. c4 1-0

[Event "BCC David Pruess Marathon"]
[Site "?"]
[Date "2008.09.12"]
[Round "2.4"]
[White "Krasnov, Steven"]
[Black "Motschenbacher, Von"]
[Result "0-1"]
[WhiteElo "1933"]
[BlackElo "1772"]
[PlyCount "52"]
[EventDate "2008.??.??"]
[SourceDate "2007.10.22"]

1. Nf3 e6 2. c4 d5 3. e3 c5 4. cxd5 exd5 5. d4 Nc6 6. Nc3 Nf6 7. Be2 Be7 8. O-O
O-O 9. dxc5 Bxc5 10. a3 a5 11. Qc2 Qe7 12. Rd1 Rd8 13. b3 d4 14. Na4 Ba7 15.
exd4 Nxd4 16. Nxd4 Bxd4 17. Bb2 Bf5 18. Bd3 Rac8 19. Qb1 Bxf2+ 20. Kh1 Bxd3 21.
Rxd3 Ne4 22. Rh3 Ba7 23. Rh5 Rd1+ 24. Qxd1 Nf2+ 25. Kg1 Nxd1+ 26. Kh1 Qe1# 0-1

[Event "Berkeley CC Colle FNM; 30/90, SD/30"]
[Site "Berkeley"]
[Date "2011.07.01"]
[Round "4.4"]
[White "Krasnov, Steven"]
[Black "Motschenbacher, Von"]
[Result "1-0"]
[WhiteElo "1956"]
[BlackElo "1697"]
[PlyCount "81"]
[EventDate "2011.??.??"]
[SourceDate "2007.10.22"]

1. c4 e6 2. Nf3 d5 3. g3 Nf6 4. d4 c5 5. cxd5 exd5 6. Nc3 Nc6 7. Bg2 Be7 8. Bg5
cxd4 9. Nxd4 O-O 10. e3 Be6 11. O-O h6 12. Bf4 Bd6 13. Bxd6 Qxd6 14. Ncb5 Qd7
15. Nxe6 fxe6 16. e4 a6 17. exd5 exd5 18. Nc3 Rfd8 19. Qb3 Kh8 20. Rad1 d4 21.
Na4 Qe7 22. a3 Rab8 23. Rfe1 Qc7 24. Nc5 Na5 25. Qb4 Nd5 26. Qxd4 Nf6 27. Qc3
Rxd1 28. Rxd1 Rc8 29. Ne4 Qxc3 30. Nxc3 b5 31. Ne4 Ng4 32. h3 Ne5 33. Rd6 Nac4
34. Rxa6 Nxb2 35. Nd6 Rb8 36. f4 Nec4 37. Nf7+ Kg8 38. Bd5 Kf8 39. Ra7 Ne3 40.
Be6 Nd3 41. Nd6 1-0

[Event "Berkeley CC FNM; 30/90, SD/30"]
[Site "Berkeley"]
[Date "2009.05.01"]
[Round "1.1"]
[White "Krasnov, Steven"]
[Black "Muntean, Tudor"]
[Result "1/2-1/2"]
[WhiteElo "1940"]
[BlackElo "1501"]
[PlyCount "52"]
[EventDate "2009.??.??"]
[SourceDate "2007.10.22"]

1. d4 f5 2. c4 Nf6 3. g3 e6 4. Nc3 c6 5. d5 Bb4 6. Bg2 d6 7. Qb3 Qa5 8. Bg5 Ne4
9. Bxe4 fxe4 10. O-O-O Bxc3 11. bxc3 O-O 12. f3 Rf5 13. h4 exd5 14. fxe4 dxe4
15. Rxd6 Nd7 16. Nh3 Nc5 17. Qc2 Be6 18. Rhd1 Qa3+ 19. Kb1 Bxc4 20. Be7 h6 21.
R6d4 Bb5 22. Rxe4 Ba4 23. Rxa4 Qxa4 24. Nf4 Qe4 25. Bxc5 Qxc2+ 26. Kxc2 Rxc5
1/2-1/2

[Event "Berkeley CC Colle FNM; 30/90, SD/30"]
[Site "Berkeley"]
[Date "2011.07.15"]
[Round "6.5"]
[White "Krasnov, Steven"]
[Black "Parkin, John"]
[Result "1-0"]
[WhiteElo "1956"]
[BlackElo "1795"]
[PlyCount "55"]
[EventDate "2011.??.??"]
[SourceDate "2007.10.22"]

1. d4 d5 2. c4 c6 3. Nf3 Nf6 4. Nc3 dxc4 5. a4 e6 6. Bg5 Bb4 7. e4 Qa5 8. Bd2
O-O 9. Bxc4 b6 10. O-O Ba6 11. Qe2 Bxc4 12. Qxc4 Qa6 13. Qxb4 Nbd7 14. h3 Rfd8
15. Bg5 h6 16. Bh4 Re8 17. Rfd1 Qb7 18. a5 b5 19. Rd3 a6 20. Rad1 Rac8 21. Re3
c5 22. dxc5 Rxc5 23. Bxf6 Rc4 24. Qd6 Nxf6 25. e5 Nh7 26. b3 Rc6 27. Qd7 Rc7
28. Qxe8+ 1-0

[Event "Berkeley CC Reti FNM; 30/90, SD/60"]
[Site "Berkeley"]
[Date "2011.05.13"]
[Round "4.2"]
[White "Krasnov, Steven Le"]
[Black "Poehlmann, Roger"]
[Result "1/2-1/2"]
[WhiteElo "1968"]
[BlackElo "2264"]
[PlyCount "102"]
[EventDate "2011.??.??"]
[SourceDate "2007.10.22"]

1. d4 d6 2. Nf3 f5 3. Nc3 Nf6 4. Bg5 e6 5. e4 fxe4 6. Nxe4 Be7 7. Bd3 Nxe4 8.
Bxe7 Qxe7 9. Bxe4 d5 10. Bd3 Nc6 11. O-O O-O 12. Re1 Qf6 13. Qd2 h6 14. Re3 a6
15. a4 Bd7 16. b4 Be8 17. Rae1 Bf7 18. b5 axb5 19. axb5 Ne7 20. Ne5 Qg5 21. g3
Nf5 22. f4 Qf6 23. Nd7 Qe7 24. Nxf8 Nxe3 25. Nxe6 Qxe6 26. Qxe3 Qb6 27. c3 Re8
28. Qf2 Rxe1+ 29. Qxe1 Kf8 30. Qa1 Qd6 31. Qa8+ Be8 32. Qxb7 Qe6 33. Kf2 Qh3
34. Qxd5 Qxh2+ 35. Qg2 Qh5 36. g4 Qf7 37. Ke3 Qe6+ 38. Kf2 Qa2+ 39. Kg3 Qa1 40.
Qd2 Qg1+ 41. Kf3 Qh1+ 42. Qg2 Qa1 43. Ke3 Qxc3 44. Qd2 Qa3 45. Kf2 Bd7 46. Be2
Qh3 47. g5 Qh4+ 48. Kf3 hxg5 49. fxg5 Qg4+ 50. Kf2 Qh4+ 51. Kf3 Qg4+ 1/2-1/2

[Event "Berkeley CC Ch2011 FNM; 30/90, SD/30"]
[Site "Berkeley"]
[Date "2011.11.18"]
[Round "3.3"]
[White "Krasnov, Steven"]
[Black "Poehlmann, Roger"]
[Result "0-1"]
[WhiteElo "1974"]
[BlackElo "2264"]
[PlyCount "96"]
[EventDate "2011.??.??"]
[SourceDate "2007.10.22"]

1. d4 d5 2. Nf3 Nf6 3. Bf4 g6 4. e3 Bg7 5. h3 O-O 6. Nbd2 b6 7. c4 Bb7 8. Be2
Nbd7 9. Rc1 c5 10. dxc5 Nxc5 11. b4 Nce4 12. O-O a5 13. b5 Rc8 14. Qb3 Nxd2 15.
Nxd2 Nd7 16. Rfd1 Nc5 17. Qa3 e5 18. Bg3 d4 19. Nb3 Qe7 20. Nxc5 Rxc5 21. exd4
exd4 22. Re1 Re8 23. Bf3 Qxe1+ 24. Rxe1 Rxe1+ 25. Kh2 Bc8 26. Bd5 Be6 27. Qf3
Rc8 28. Bxe6 Rxe6 29. Qd5 Bf6 30. Bf4 Rd8 31. Qf3 d3 32. Bd2 Bd4 33. Bg5 f6 34.
Bd2 Kf7 35. g3 Re2 36. Qxd3 Rxf2+ 37. Kh1 Rh2+ 38. Kxh2 Bg1+ 39. Kxg1 Rxd3 40.
Bf4 a4 41. Bc7 Rc3 42. Bxb6 Rxc4 43. Be3 Rb4 44. b6 Ke6 45. Kf2 Rb2+ 46. Kf3
Rxa2 47. Bd4 Ra3+ 48. Ke4 Rb3 0-1

[Event "Berkeley CC De Firmian FNM; 30/90, SD/30"]
[Site "Berkeley"]
[Date "2012.04.13"]
[Round "3.9"]
[White "Krasnov, Steven Le"]
[Black "Rood, Ben"]
[Result "1-0"]
[WhiteElo "2033"]
[BlackElo "1674"]
[PlyCount "41"]
[EventDate "2012.??.??"]

1. Nf3 d5 2. c4 d4 3. d3 c5 4. g3 b6 5. Bg2 Bb7 6. O-O Nc6 7. a3 Nf6 8. e3 e5
9. Nxe5 Nxe5 10. Bxb7 Rb8 11. exd4 Qxd4 12. Qa4+ Kd8 13. Qxa7 Bd6 14. Nc3 Nxd3
15. Nb5 Qe5 16. Rd1 Qe2 17. Qxb6+ Ke8 18. Nxd6+ Kf8 19. Be3 Ng4 20. Qc7 Rxb7
21. Qd8# 1-0

[Event "Berkeley CC Capablanca FNM; 30/90, SD/3"]
[Site "Berkeley"]
[Date "2011.10.07"]
[Round "4.2"]
[White "Krasnov, Steven"]
[Black "Sanchez, Miguel"]
[Result "0-1"]
[WhiteElo "1974"]
[BlackElo "2320"]
[PlyCount "100"]
[EventDate "2011.??.??"]
[SourceDate "2007.10.22"]

1. d4 Nf6 2. Nd2 d5 3. e3 Bf5 4. c4 e6 5. Ngf3 Bd6 6. Be2 Nbd7 7. c5 Be7 8. b4
h6 9. Bb2 Ne4 10. Nxe4 Bxe4 11. O-O O-O 12. Nd2 Bg6 13. a4 Bf6 14. Qb3 c6 15.
f4 Qc7 16. b5 Be7 17. Rac1 Rae8 18. Ba3 f6 19. Bg4 Bd8 20. Rce1 Kh8 21. e4 f5
22. exf5 exf5 23. Rxe8 Rxe8 24. Bd1 Nf6 25. g3 Ne4 26. Nf3 Bf6 27. Bb2 Qa5 28.
Bc2 Nd2 29. Nxd2 Qxd2 30. Bd1 Bxd4+ 31. Bxd4 Qxd4+ 32. Kg2 Qxc5 33. bxc6 bxc6
34. Bf3 Re3 35. Qb8+ Kh7 36. Qd8 Rc3 37. h4 Rc2+ 38. Kh3 Rf2 39. Rxf2 Qxf2 40.
h5 Qxf3 41. hxg6+ Kxg6 42. Qe8+ Kh7 43. Kh2 d4 44. Qd7 Qe2+ 45. Kg1 Qe4 46.
Qxa7 d3 47. Qd7 c5 48. a5 c4 49. a6 c3 50. a7 c2 0-1

[Event "BCC Annual Championship"]
[Site "?"]
[Date "2008.11.21"]
[Round "5.1"]
[White "Krasnov, Steven L"]
[Black "Sauerwald, Thomas"]
[Result "1/2-1/2"]
[WhiteElo "1961"]
[BlackElo "2224"]
[PlyCount "70"]
[EventDate "2008.??.??"]
[SourceDate "2007.10.22"]

1. d4 Nf6 2. c4 e6 3. Nf3 Bb4+ 4. Bd2 c5 5. a3 Bxd2+ 6. Nbxd2 cxd4 7. Nxd4 d5
8. cxd5 Nxd5 9. e4 Nb6 10. Bb5+ Bd7 11. Qb3 O-O 12. N2f3 e5 13. Nxe5 Bxb5 14.
Nxb5 Qe7 15. f4 Nc6 16. O-O Nxe5 17. fxe5 Qxe5 18. Rae1 g6 19. Kh1 a6 20. Nc3
Qe6 21. Nd5 Nxd5 22. exd5 Qd7 23. Rf6 Rae8 24. Ref1 Re5 25. Rb6 Rxd5 26. Rxb7
Rb5 27. Qxb5 Qxb5 28. Rxb5 axb5 29. Rf4 Rd8 30. h3 Kg7 31. Rb4 Rd5 32. Kh2 f5
33. Kg3 Kf6 34. Kf3 Re5 35. g4 fxg4+ {draw agreed} 1/2-1/2

[Event "Joseph Henry Blackburne FNM; 30/90, SD/"]
[Site "Berkeley"]
[Date "2009.03.20"]
[Round "2.2"]
[White "Krasnov, Steven L"]
[Black "Sherwood, Peter"]
[Result "0-1"]
[WhiteElo "1941"]
[BlackElo "1703"]
[PlyCount "110"]
[EventDate "2009.??.??"]
[SourceDate "2007.10.22"]

1. d4 d5 2. Nf3 Nf6 3. c4 dxc4 4. Nc3 a6 5. a4 e6 6. Bg5 Be7 7. e3 Nbd7 8. Bxc4
Nb6 9. Bd3 h6 10. Bh4 Nbd5 11. O-O O-O 12. Bg3 b6 13. Rc1 c5 14. Bb1 Bb7 15.
Be5 Nb4 16. h3 Rc8 17. Qe2 Qd7 18. Rfd1 Qc6 19. dxc5 bxc5 20. e4 Rfd8 21. Qc4
Rxd1+ 22. Rxd1 Rd8 23. Rxd8+ Bxd8 24. Bf4 Bc7 25. Be3 Nd7 26. b3 Qd6 27. Qe2
Nc6 28. Qd3 Qxd3 29. Bxd3 Nce5 30. Be2 Ba5 31. Nxe5 Nxe5 32. Bd2 Bb4 33. f3 Nc6
34. Kf2 Nd4 35. Bc4 Nc6 36. Nb1 Kf8 37. Ke3 Ke7 38. Bc3 f6 39. f4 Na5 40. Bxb4
cxb4 41. Nd2 Kd6 42. g3 e5 43. Be2 Kc5 44. Bd3 Bc8 45. Bf1 Be6 46. Bxa6 Bxb3
47. Bb5 Bc4 48. fxe5 fxe5 49. Nf3 Bxb5 50. axb5 Nc4+ 51. Kd3 Kxb5 52. Kc2 Kc5
53. Kb3 Na5+ 54. Kb2 Nc6 55. h4 Kc4 {W resigns} 0-1

[Event "Berkeley CS Rubinstein FNM; 30/90, SD/3"]
[Site "Berkeley"]
[Date "2011.08.05"]
[Round "2.2"]
[White "Krasnov, Steven"]
[Black "Smail, John"]
[Result "0-1"]
[WhiteElo "1983"]
[BlackElo "1837"]
[PlyCount "50"]
[EventDate "2011.??.??"]
[SourceDate "2007.10.22"]

1. d4 e6 2. Nf3 f5 3. Bg5 Nf6 4. Nbd2 d5 5. e3 Be7 6. Bd3 O-O 7. Ne5 Ne4 8.
Bxe7 Qxe7 9. O-O Nd7 10. Ndf3 g5 11. c4 g4 12. Nxd7 Bxd7 13. Ne5 Be8 14. f3
gxf3 15. gxf3 Bh5 16. Qe1 Nd6 17. Rc1 Kh8 18. Kh1 Nf7 19. cxd5 Nxe5 20. dxe5
Rg8 21. dxe6 Qg7 22. Qf2 Qxe5 23. e4 Rad8 24. Bb1 Qf4 25. Rc2 Bxf3+ 0-1

[Event "BCC Josh Friedel Marathon"]
[Site "Berkeley"]
[Date "2008.08.01"]
[Round "4.1"]
[White "Krasnov, Steven"]
[Black "Snyder, Larry"]
[Result "1-0"]
[WhiteElo "1950"]
[BlackElo "2037"]
[PlyCount "65"]
[EventDate "2008.??.??"]
[SourceDate "2007.10.22"]

1. d4 Nf6 2. c4 g6 3. Nc3 d5 4. h4 dxc4 5. e4 Nc6 6. e5 Nd5 7. Bxc4 Nb6 8. Bb5
Bd7 9. Nf3 a6 10. Be2 Bg4 11. Be3 Nd5 12. Qb3 Nxe3 13. fxe3 Bxf3 14. Bxf3 Qc8
15. O-O Nd8 16. Rac1 e6 17. Ne4 Be7 18. Nd6+ Bxd6 19. exd6 c6 20. e4 e5 21.
dxe5 O-O 22. h5 Re8 23. hxg6 hxg6 24. Be2 Rxe5 25. Bc4 Qd7 26. Rf6 b5 27. Qg3
Qa7+ 28. Kf1 bxc4 29. Qxe5 Qe3 30. Rc3 Qd2 31. Rh3 Ne6 32. Rh8+ Kxh8 33. Rf2+
1-0

[Event "BCC Annual Championship"]
[Site "?"]
[Date "2008.11.07"]
[Round "3.2"]
[White "Krasnov, Steven L"]
[Black "Sowell, Nelson M"]
[Result "1/2-1/2"]
[WhiteElo "1961"]
[BlackElo "1738"]
[PlyCount "112"]
[EventDate "2008.??.??"]
[SourceDate "2007.10.22"]

1. d4 Nf6 2. c4 e6 3. Nf3 b6 4. g3 Bb7 5. Bg2 Be7 6. O-O O-O 7. Nc3 d6 8. Qc2
Nbd7 9. Rd1 Rc8 10. b3 c5 11. e3 Qc7 12. Ba3 Qb8 13. Rac1 Rfe8 14. h3 d5 15.
Ne2 dxc4 16. bxc4 Qa8 17. Ne1 Bxg2 18. Nxg2 cxd4 19. Bxe7 Rxe7 20. exd4 Nf8 21.
Ne3 Qf3 22. Nc3 h6 23. Qe2 Qb7 24. Nb5 Rd8 25. Rd3 a6 26. Nc3 N8h7 27. h4 Red7
28. Rcd1 Ne4 29. Qf3 Nxc3 30. Qxb7 Ne2+ 31. Kg2 Rxb7 32. Kf3 Nxd4+ 33. Rxd4
Rxd4 34. Rxd4 Nf6 35. g4 Rd7 36. Rxd7 Nxd7 37. Ke4 Kf8 38. f4 Ke7 39. f5 Kd6
40. g5 hxg5 41. hxg5 Nf8 42. a3 Nh7 43. Kf4 Kc5 44. g6 fxg6 45. fxe6 Kd6 46.
Nd5 Nf6 47. Nxb6 Kxe6 48. Kg5 Kd6 49. Na4 Ne8 50. Kxg6 Kc6 51. Kf7 g5 52. Kxe8
g4 53. Ke7 g3 54. Nc3 g2 55. Ne2 Kc5 56. Ke6 Kxc4 {
(game ended in a draw several moves later)} 1/2-1/2

[Event "Berkeley CC Reti FNM; 30/90, SD/60"]
[Site "Berkeley CA"]
[Date "2011.04.29"]
[Round "2.3"]
[White "Krasnov, Steven Le"]
[Black "Stearman, Josiah P"]
[Result "1-0"]
[WhiteElo "1968"]
[BlackElo "1739"]
[PlyCount "91"]
[EventDate "2011.??.??"]
[SourceDate "2007.10.22"]

1. c4 c5 2. Nf3 Nc6 3. g3 e6 4. Nc3 Nf6 5. d4 cxd4 6. Nxd4 Bc5 7. Nb3 Be7 8.
Bg2 O-O 9. O-O Ne5 10. c5 a6 11. Bf4 Ng6 12. Be3 Qc7 13. Rc1 Qb8 14. h3 Rd8 15.
Na4 d6 16. c6 bxc6 17. Nb6 d5 18. Nxa8 Qxa8 19. Bb6 Rd7 20. Na5 Bb7 21. Qa4 h6
22. Nxb7 Qxb7 23. Qxc6 Qxc6 24. Rxc6 Kh7 25. b3 Ne8 26. Bd4 Rc7 27. Rfc1 Bd6
28. e4 Ne7 29. Rxc7 Bxc7 30. exd5 Nxd5 31. Bxd5 exd5 32. Rc5 a5 33. Rxd5 Kg6
34. Kf1 Nf6 35. Rb5 h5 36. Ke2 Ne4 37. Kd3 Ng5 38. h4 Nf3 39. Bc3 f5 40. Ke2
Ng1+ 41. Ke3 Nh3 42. Bxa5 f4+ 43. Kf3 Bxa5 44. Rxa5 fxg3 45. fxg3 Kh6 46. Kg2
1-0

[Event "David Pruess FNM; 30/90, SD/30"]
[Site "Berkeley"]
[Date "2008.09.26"]
[Round "4.3"]
[White "Krasnov, Steven"]
[Black "Trestor, David Jon"]
[Result "0-1"]
[WhiteElo "1933"]
[BlackElo "1841"]
[PlyCount "80"]
[EventDate "2008.??.??"]
[SourceDate "2007.10.22"]

1. Nf3 c5 2. c4 Nc6 3. Nc3 g6 4. d4 cxd4 5. Nxd4 Bg7 6. Be3 Nf6 7. Qd2 Ng4 8.
Nxc6 bxc6 9. Bd4 Nf6 10. e4 O-O 11. Be2 d6 12. Rd1 Bb7 13. Bf3 c5 14. Be3 Qb6
15. b4 Qxb4 16. O-O Qxc4 17. Rc1 Qe6 18. Rfe1 Nd7 19. Nd5 Ne5 20. Nc7 Nxf3+ 21.
gxf3 Qh3 22. Nxa8 Qxf3 23. Bf4 Rxa8 24. Bg3 Bxe4 25. Rxe4 Qxe4 26. Re1 Qf3 27.
Rxe7 Rb8 28. Qe1 Bc3 29. Qc1 Qf6 30. Rxa7 Re8 31. Kg2 g5 32. Bxd6 g4 33. Qf4
Qe6 34. Ra6 Qd5+ 35. Kg3 h5 36. Ra4 Qd3+ 37. Kh4 Qh3+ 38. Kg5 f6+ 39. Kh6 Qd3
40. Ra7 Bd2 0-1

[Event "David Pruess FNM; 30/90, SD/30"]
[Site "Berkeley"]
[Date "2008.10.10"]
[Round "6.3"]
[White "Krasnov, Steven"]
[Black "Van Gorder, Neil A"]
[Result "1/2-1/2"]
[WhiteElo "1933"]
[BlackElo "1448"]
[PlyCount "106"]
[EventDate "2008.??.??"]
[SourceDate "2007.10.22"]

1. Nf3 Nf6 2. c4 d5 3. cxd5 Nxd5 4. g3 g6 5. Bg2 Bg7 6. O-O O-O 7. Nc3 Nc6 8.
a3 Rb8 9. d4 Nxc3 10. bxc3 e5 11. Bb2 exd4 12. cxd4 Bg4 13. e3 Qc8 14. Qc2 Bh3
15. Rfd1 Bxg2 16. Kxg2 Ne7 17. Qc5 Re8 18. Qxa7 c6 19. Qc5 Nd5 20. Qc2 Rxe3 21.
Re1 Rxe1 22. Rxe1 Qc7 23. Bc1 Qb6 24. Qe4 Qd8 25. h4 h5 26. Bg5 Bf6 27. Bxf6
Qxf6 28. Ne5 Qe7 29. Nc4 Qxe4+ 30. Rxe4 Kg7 31. Ne3 Nc3 32. Re7 Nb5 33. Nc2 Kf6
34. Re3 Rd8 35. Rb3 Nxd4 36. Nxd4 Rxd4 37. Rxb7 Ra4 38. Rb6 Rxa3 39. Rxc6+ Kf5
40. Rc5+ Kf6 {draw offer} 41. Rc4 Ke6 42. Rc2 f6 43. f3 f5 44. Kf2 Kf6 45. Rc6+
Kf7 46. Ke2 Rb3 47. Kf2 Ra3 48. Rc4 Kf6 49. Rb4 Rc3 50. Rb6+ Kf7 51. Rb4 Kf6
52. Rb6+ Kf7 53. Rb7+ Kf6 1/2-1/2

[Event "Blackburne Friday Night Marathon"]
[Site "Berkeley"]
[Date "2009.04.03"]
[Round "4.3"]
[White "Krasnov, Steven L"]
[Black "Van Gorder, Neil A"]
[Result "1-0"]
[WhiteElo "1941"]
[BlackElo "1421"]
[PlyCount "27"]
[EventDate "2009.??.??"]
[SourceDate "2007.10.22"]

1. d4 d5 2. Nf3 Nf6 3. Bf4 c6 4. e3 Bg4 5. Nbd2 e6 6. h3 Bxf3 7. Qxf3 c5 8. Be2
Nbd7 9. O-O Be7 10. Qg3 Nh5 11. Bxh5 g6 12. Be2 g5 13. Bc7 Qc8 14. c3 1-0

[Event "Berkeley CC Santasiere FNM; 30/90, SD/3"]
[Site "Berkeley CA"]
[Date "2009.08.21"]
[Round "3.3"]
[White "Krasnov, Steven"]
[Black "Wang, Michael Lei"]
[Result "1-0"]
[WhiteElo "1893"]
[BlackElo "1140"]
[PlyCount "63"]
[EventDate "2009.??.??"]
[SourceDate "2007.10.22"]

1. d4 d5 2. Nf3 Nf6 3. c4 c6 4. Nc3 Bf5 5. e3 e6 6. h3 Bb4 7. Bd2 Nbd7 8. Be2
O-O 9. Nh4 Bg6 10. Nxg6 fxg6 11. O-O e5 12. Nxd5 Nxd5 13. cxd5 Bxd2 14. dxc6
bxc6 15. Qxd2 Rb8 16. Rac1 Qb6 17. Bg4 Rfd8 18. b3 Nf6 19. Be6+ Kh8 20. Rfd1
Rd6 21. Bg4 Nxg4 22. hxg4 Rbd8 23. Qc3 Qa6 24. Rc2 h6 25. Qc5 Re8 26. Qxd6 exd4
27. Qxg6 Rc8 28. Rxd4 Qb7 29. Rcd2 Qc7 30. Rd7 Qxd7 31. Rxd7 Rg8 32. g5 1-0

[Event "Berkeley CC Capablanca FNM; 30/90, SD/3"]
[Site "Berkeley"]
[Date "2011.10.14"]
[Round "5.4"]
[White "Krasnov, Steven"]
[Black "Wang, Yuan"]
[Result "1-0"]
[WhiteElo "1974"]
[BlackElo "1984"]
[PlyCount "59"]
[EventDate "2011.??.??"]
[SourceDate "2007.10.22"]

1. c4 Nf6 2. Nf3 g6 3. d4 Bg7 4. g3 O-O 5. Bg2 d6 6. Nc3 Nc6 7. d5 Na5 8. Qd3
c5 9. O-O Bd7 10. Nd2 Ng4 11. Qc2 Ne5 12. b3 a6 13. h3 b5 14. cxb5 axb5 15. Bb2
f5 16. f4 Nf7 17. e3 b4 18. Ne2 Bxb2 19. Qxb2 Bb5 20. Rfe1 Qb6 21. Rac1 Qa6 22.
Kf2 Nd8 23. Bf3 Ndb7 24. g4 c4 25. bxc4 Bxc4 26. gxf5 Nc5 27. Be4 Nxe4+ 28.
Nxe4 Bxd5 29. N4g3 gxf5 30. Nh5 {B time exp} 1-0

[Event "Berkeley CC Santasiere FNM; 30/90, SD/3"]
[Site "Berkeley CA"]
[Date "2009.09.12"]
[Round "6.2"]
[White "Krasnov, Steven"]
[Black "Watson, Farid Mark"]
[Result "1-0"]
[WhiteElo "1893"]
[BlackElo "1905"]
[PlyCount "85"]
[EventDate "2009.??.??"]
[SourceDate "2007.10.22"]

1. d4 g6 2. e4 Bg7 3. f4 d6 4. Nc3 c6 5. Nf3 Nf6 6. Bd3 a5 7. e5 Nd5 8. O-O O-O
9. a3 Nxc3 10. bxc3 f6 11. Qe1 Bg4 12. Rb1 Qc7 13. exd6 exd6 14. a4 Nd7 15. Nh4
Rae8 16. Qf2 f5 17. Ba3 Nf6 18. h3 Bh5 19. Rfe1 Qd7 20. c4 Rxe1+ 21. Qxe1 Re8
22. Qxa5 Ne4 23. Qa7 Bf6 24. Nf3 Bxf3 25. gxf3 Nd2 26. Rxb7 Bxd4+ 27. Kg2 Qc8
28. Qxd4 Qxb7 29. Bb2 Rb8 30. Qh8+ Kf7 31. Qxh7+ Kf8 32. Qh6+ Kf7 33. Bc3 Nb1
34. Qg7+ Ke8 35. Qxg6+ Qf7 36. Qxd6 Rc8 37. Qe5+ Kf8 38. Bb4+ Kg8 39. Qxf5 Qg7+
40. Qg5 c5 41. Be1 Re8 42. Kf2 Kh8 43. Qh5+ 1-0

[Event "BCC Adolf Anderssen Friday Night Marath"]
[Site "Berkeley"]
[Date "2009.02.06"]
[Round "5"]
[White "Krasnov, Steven"]
[Black "Watson, Farid Mark"]
[Result "0-1"]
[WhiteElo "1927"]
[BlackElo "1968"]
[PlyCount "86"]
[EventDate "2009.??.??"]
[SourceDate "2007.10.22"]

1. d4 g6 2. c4 Bg7 3. Nc3 d6 4. e4 c6 5. Be3 Nf6 6. h3 O-O 7. Nf3 e5 8. Qd2 Re8
9. Bd3 Nbd7 10. O-O exd4 11. Nxd4 Nc5 12. f3 Nh5 13. Bc2 Qh4 14. Nde2 Qe7 15.
Rad1 Bf8 16. g4 Ng7 17. Ng3 Be6 18. b3 Rad8 19. f4 d5 20. cxd5 Bxd5 21. Qf2 Na6
22. Bxa7 Qb4 23. Nxd5 cxd5 24. Rxd5 Rxd5 25. exd5 Nc5 26. Kg2 f6 27. a3 Qxa3
28. Bb6 Nxb3 29. Rb1 Bc5 30. Bxc5 Nxc5 31. Rb5 Nd3 32. Rb3 Qxb3 33. Bxb3 Nxf2
34. Kxf2 Kf8 35. Kf3 Ra8 36. Ne2 Ke7 37. Ke4 Ne8 38. Nd4 Nd6+ 39. Ke3 Ra3 40.
Kd2 Ne4+ 41. Kc2 Nc5 42. d6+ Kd8 43. Kb2 Rxb3+ 0-1

[Event "BCC Championship"]
[Site "Berkeley"]
[Date "2008.12.19"]
[Round "8.3"]
[White "Krasnov, Steven L"]
[Black "Watson, Farid Mark"]
[Result "1-0"]
[WhiteElo "1961"]
[BlackElo "1955"]
[PlyCount "102"]
[EventDate "2008.??.??"]
[SourceDate "2007.10.22"]

1. d4 g6 2. Nf3 Bg7 3. Bf4 d6 4. e3 Nf6 5. h3 O-O 6. c4 Nc6 7. Nc3 Re8 8. Be2
Bf5 9. O-O e5 10. Bh2 exd4 11. Nxd4 Nxd4 12. exd4 Ne4 13. Bf4 Nxc3 14. bxc3 b6
15. Bf3 Be4 16. Re1 Bxf3 17. Qxf3 Qf6 18. Qc6 Rxe1+ 19. Rxe1 Rf8 20. g3 Qd8 21.
h4 h6 22. a4 a5 23. Bd2 Kh7 24. Qe4 Kg8 25. Qc6 Kh7 26. Kg2 Bf6 27. f3 Kg7 28.
Re2 Rh8 29. Be1 Rf8 30. Re4 Be7 31. Bf2 Bf6 32. Qb5 Rh8 33. h5 Rf8 34. Be3 c5
35. hxg6 fxg6 36. Qc6 Be7 37. Bf4 g5 38. Be3 Rf6 39. Qb7 Rf7 40. Re6 Bf8 41.
Qe4 Rf6 42. f4 Rxe6 43. Qxe6 Qe7 44. Qxe7+ Bxe7 45. Kf3 Kf6 46. Ke4 Ke6 47. f5+
Kd7 48. g4 Bf6 49. Kd5 Be7 50. Bf2 Bf6 51. Bg3 Bg7 {Score ends here. Both
players were in time trouble, and Black blundered a bishop a few moves later.}
1-0